Canadian Actresses by Picture - Statistics

General Stats
  • This quiz has been taken 38 times
  • The average score is 4 of 16
Answer Stats
Picture Answer % Correct
Rachel McAdams
82%
Sandra Oh
82%
Catherine O'Hara
55%
Neve Campbell
52%
Cobie Smulders
39%
Evangeline Lilly
39%
Carrie-Anne Moss
30%
Emily VanCamp
15%
Tatiana Maslany
15%
Elisha Cuthbert
12%
Katheryn Winnick
12%
Emmanuelle Chriqui
6%
Kristin Kreuk
6%
Madeleine Arthur
3%
Jessica Paré
0%
Laura Vandervoort
0%
No matching quizzes found
Score Distribution
Percent of People with Each Score
Percentile by Number Answered
Your Score History
You have not taken this quiz